000 01070nam a2200241 i 4500
001 152980
003 ES-MaACL
005 20250729085449.0
008 931025s1781 sp |||| | lat d
040 _aCARM
_bspa
_cPAB
100 1 _aCarranza, Bartolomé de.
_935500
245 1 0 _aSumma conciliorum
_b: summorumque pontificum a Sancto Petro usque ad Julium Tertium ... /
_cab ... Fratre Bartholomaeo Carranza, Archiepiscopo Toletano ... Ordinis Praedicatorum, pridem collecta ; postea vero Francisci Syluii ... additionibus illustrata & aucta.
260 _a[Matriti] :
_bex typographia Petri Marin,
_c1781.
300 _a[16], 636 p. ;
_c4º.
597 _aSign.: §-2§4, A-Z4, 2A-2Z4, 3A-3Z4, 4A-4K4, 4L2.
597 _aPort. con grab. xil.
650 4 _aConcilios y sínodos-
_vComentarios.
_9135804
650 0 7 _aDerecho canónico
_2embne
_911655
650 0 4 _aPapas.
_915815
700 1 _aSilvio, Francisco.
_9132748
852 _aES-MaACL
_jR-810
_z-- Enc. perg. con cierres
_z-- Legado M. de la Fuente
_x-- Olim: G-4795
999 _c152980
_d152980